Score 0/26 Timer 07:00
7 Plays Today
% Correct
The Shining (1980)
94.3%
Jaws (1975)
92.6%
Jason Lives: Friday the 13th Part VI (1986)
91.5%
It (1990)
87.1%
The Silence of the Lambs (1991)
82%
Carrie (1977)
79.2%
Shaun of the Dead (2004)
75.9%
The Exorcist (1973)
74.8%
Psycho (1960)
71.6%
Child's Play (1988)
70.8%
Aliens (1986)
69.9%
Saw (2004)
62%
The Crow (1994)
56.3%
% Correct
An American Werewolf in London (1981)
45.3%
Army of Darkness (1992)
40.3%
The Amityville Horror (1979)
37.2%
A Nightmare on Elm Street 3: Dream Warriors (1987)
32.6%
Critters 3 (1991)
28.9%
They Live (1988)
28.7%
The Hitcher (1986)
25.2%
Pet Sematary (1989)
24%
Creepshow (1982)
21.9%
Videodrome (1983)
21.1%
Pumpkinhead (1988)
18.9%
Re-Animator (1985)
13%
The Cabin in the Woods (2012)
7.8%

You're not logged in!

Compare scores with friends on all Sporcle quizzes.
OR
Log In

Sporcle TV

Today on Sporcle TV


Watch our educational content, quiz creation guides, and fun videos on Sporcle TV.

Show Comments

Extras

Top Quizzes Today


Score Distribution

Your Account Isn't Verified!

In order to create a playlist on Sporcle, you need to verify the email address you used during registration. Go to your Sporcle Settings to finish the process.

Report this User

Report this user for behavior that violates our Community Guidelines.

Details: